000 00880nam a22002897a 4500
001 4920
003 FISKH
005 20241025092919.0
008 241025b cb ||||| |||| 00| 0 eng d
020 _a9780545273336
040 _aFISKH
_beng
_cFISKH
_dFISKH
050 _aQL638.S9
082 _a597.6798
100 _aCorse, Nicole
_d(1986-)
245 _aSeahorses /
_cby Nicole Corse
250 _aFirst printing in 2011
260 _aNew York :
_bScholastic,
_c2011.
300 _a32 pages :
_bColor illustrations ;
_c23 cm
505 _aJ
520 _aIntroduces sea horses, describing their physical characteristics, eating habits, defense mechanisms, and how they care for their young.
521 8 _a490L
_bLexile
521 8 _aJ
_bRaz-Plus
650 _2Non-fiction
_aSeahorses
650 _2Ocean animals
_aFacts
942 _2ddc
_cBK
_n0
999 _c4920
_d4920